| 000 | 00409nam a2200145 a 4500 | ||
|---|---|---|---|
| 001 | 2348 | ||
| 003 | CDMR | ||
| 005 | 20130723111721.0 | ||
| 008 | 130130s1981||||||||||||||||||||||||||||d | ||
| 040 |
_aCDMR _bcat _cCPC GIRONA |
||
| 100 | 1 |
_aSerrano Munuera, Sebastian _9704 |
|
| 245 | 1 | 3 |
_aLa semiótica. _bUna introducción a la teoria de los signos _cSerrano, Sebastià |
| 260 |
_c1981 _bMontesinos |
||
| 942 |
_cMON _2udc |
||
| 999 |
_c2348 _d2348 |
||